[Event "Norway Chess 1st"]
[Site "Stavanger"]
[Date "2013.05.09"]
[Round "2"]
[White "Carlsen, Magnus"]
[Black "Anand, Viswanathan"]
[Result "1/2-1/2"]
[WhiteElo "2868"]
[BlackElo "2783"]
[Annotator "Szabo,Kr"]
[PlyCount "118"]
[EventDate "2013.05.08"]
[EventType "tourn"]
[EventRounds "9"]
[EventCountry "NOR"]
[EventCategory "21"]
[SourceTitle "CBM 155"]
[Source "ChessBase"]
[SourceDate "2013.07.16"]
[SourceVersion "1"]
[SourceVersionDate "2013.07.16"]
[SourceQuality "1"]

1. e4 c5 2. Nf3 d6 3. Bb5+ Nd7 4. d4 cxd4 5. Qxd4 a6 6. Bxd7+ Bxd7 7. c4 e5 8.
Qd3 b5 $5 {A very logical move. Black attacks White's P centre in order to
lessen the pressure against d5.} 9. Nc3 (9. Na3 {has also been played, but} Qb6
10. O-O h6 11. b3 Nf6 12. Re1 Be7 13. Nd2 O-O 14. Nf1 Bc6 15. Ng3 Bd7 16. Be3
Qb7 17. Nc2 bxc4 18. bxc4 Rfc8 $132 {and Black looks nicely placed,
Tiviakov-Babula, Dresden 2007.}) 9... bxc4 10. Qxc4 Be6 11. Qd3 (11. Qc6+ {
leads only to repetition of moves after} Bd7 12. Qc4 Be6 $11) (11. Nd5 Qa5+ 12.
Qc3 (12. Bd2 Bxd5 13. exd5 Qb5 $13) 12... Qxc3+ 13. Nxc3 h6 14. b3 Rc8 15. Bb2
Nf6 16. O-O Be7 17. Rfd1 O-O 18. Nd2 Rc6 $13 {D.Howell-Shanava, Istanbul ol
2012}) 11... h6 {This important move avoids B or Ng5.} ({In the event of} 11...
Nf6 $6 12. Bg5 Be7 13. Bxf6 Bxf6 14. O-O {followed by Nd5 with a slight
advantage for White.}) 12. O-O Nf6 13. Rd1 $146 {The first novelty in the game.
The idea can be seen in the next moves.} (13. Be3 Be7 14. Nd2 d5 15. exd5 Nxd5
16. Nxd5 Qxd5 17. Qxd5 Bxd5 18. Rfc1 Kd7 19. Nc4 Bxc4 20. Rxc4 Rhc8 $11 {
Yu Ruiyuan-Zhou Jianchao, Tianjin 2013. Black equalised.}) 13... Be7 14. Ne1 $5
{A very typical plan in these P structures. The white N goes to c2-e3 and d5.}
O-O 15. Nc2 Qb6 16. Ne3 Rfc8 17. b3 {A prophylactic move, Carlsen prepares for
Bd2.} ({The immediate} 17. Ned5 {is probably too early, as} Nxd5 18. Nxd5 Bxd5
19. Qxd5 Rab8 (19... Qb4 20. b3) 20. b3 Rc2 21. Be3 Qb4 {and it is not so easy
to improve the position with White.}) 17... a5 18. Bd2 Qa6 {Anand decides to
exchange the Q.} 19. Be1 Nd7 20. f3 {Carlsen protects the e4 P, which wasn't
hanging at the moment, but after the exchange of Q, than Ncd5 Nc5 and the P is
protected.} Rc6 21. Qxa6 Rcxa6 22. Ned5 $1 (22. Ncd5 {was also possible} Bd8 (
22... Bg5 23. Nc4 $14) 23. Rac1 $14 {and White is slightly better.}) 22... Bd8
23. Nb5 {This is the point of why Carlsen put the e3 N on d5.} Rc8 (23... Rc6 {
was more precise} 24. Rac1 (24. Bf2 Rb8) 24... Rxc1 25. Rxc1 Bxd5 26. exd5 Nf6
27. Nxd6 Nxd5 {and still Black can hope for equalisation.}) 24. Bf2 (24. Rac1 {
was an interesting alternative.} Rxc1 25. Rxc1 Bxd5 26. exd5 Bb6+ 27. Bf2 $14)
24... Kh7 {A prophylactic move, which avoids Ne7 checks.} 25. Kf1 $14 {Another
logical move by Carlsen. The K is coming towards the centre.} Rcc6 $6 (25... g6
{was another option preparing for Kg7.} 26. Rac1 Rac6 27. Be3 $14) 26. Rac1 Bg5
27. Rc3 (27. Rxc6 $1 {was stronger} Rxc6 28. Ndc7 Rc2 29. Nxe6 fxe6 30. Rxd6
$16 {and White is better.}) 27... Bxd5 28. Rxd5 Rxc3 29. Nxc3 Rc6 30. Be1 Nc5
31. Nb5 (31. h4 $5 Bd8 (31... Be7 32. Ke2 $14) 32. Nb5 Nb7 33. Ke2 $14) 31...
Nb7 32. h4 Be3 33. Ke2 Bc5 34. h5 Bb4 35. Bd2 $6 ({In the event of} 35. Bxb4
axb4 36. a3 bxa3 37. Nxa3 g6 38. hxg6+ Kxg6 39. Nc4 {is still also slightly
better for White.}) 35... g6 36. a3 Bxd2 37. hxg6+ Kxg6 38. Kxd2 h5 39. g3 f6
40. Na7 Rc7 41. Nb5 Rc6 42. Ke2 Kf7 $11 {Anand has made some precise moves, so
he has levelled the position.} 43. b4 axb4 44. axb4 Ke6 45. Rd3 Rc4 46. Rb3 d5
47. Kd3 Rc6 48. exd5+ Kxd5 49. Rc3 f5 50. Nc7+ Kd6 51. Ne8+ Kd5 52. Rxc6 Kxc6
53. Ng7 Nd6 54. Nxh5 e4+ 55. fxe4 Nxe4 56. Kd4 Kb5 57. g4 fxg4 58. Kxe4 g3 59.
Nxg3 Kxb4 1/2-1/2

[Event "EU-ch 8th"]
[Site "Dresden"]
[Date "2007.04.05"]
[Round "3"]
[White "Ovetchkin, Roman"]
[Black "Tiviakov, Sergei"]
[Result "0-1"]
[WhiteElo "2554"]
[BlackElo "2663"]
[Annotator "Tiviakov,S"]
[PlyCount "102"]
[EventDate "2007.04.03"]
[EventType "swiss"]
[EventRounds "11"]
[EventCountry "GER"]
[SourceTitle "CBM 118"]
[Source "ChessBase"]
[SourceDate "2007.05.31"]
[SourceVersion "1"]
[SourceVersionDate "2007.05.31"]
[SourceQuality "1"]

{For the readers of the ChessBase Magazine I would like to annotate 2 very
interesting games from the actually very popular variation 3.Bb5 in the
Sicilian Defence. Both of the games were played by me in the same variation,
but with different colours, and I managed to win both of the games. It doesn't
happen very often when the players play like this and win games with both
colours. The most recent example is V. Anand who won both of his games against
Motyle and van Wely in the Sicilian Defence in Wijk aan Zee 2007.} 1. e4 c5 2.
Nf3 d6 3. Bb5+ Nc6 4. Bxc6+ {At this moment this simple exchange leaves Black
many more problems to solve than the common 4.0-0.} bxc6 5. O-O e5 {5...Bg4 is
a healthy alternative to the text.} 6. c3 f5 $6 {But this move is too risky...
Black opens the centre when he is behind in development. But since this game
was played only in the 3rd of the round I decided to play sharp and try to win.
After the normal 6...Bg4 or 6...Nf6 Black is only a slighty worse and with
correct play should be able eventually equalise, although it would be
extremely difficult to win. But after these 2 games, I guess, 6...f5 will no
longer be played, since by force White can get much better chances.} 7. exf5 $1
({Stronger than} 7. d4) (7. Qa4 Nf6 8. exf5 Bxf5 9. Qxc6+ Bd7 10. Qa6 e4 $44 {
gives Black much more than enough compensation for the pawn. For example,} 11.
Ng5 h6 12. Nxe4 Nxe4 13. Re1 Qh4 14. Qe2 d5 15. d3 Bg4 16. Qf1 Bd6 17. g3 Qh5
18. dxe4 O-O) 7... Bxf5 ({In the light of current theoretical developments
this move might be considered as the only playable one for Black in the
current position.} 7... Nf6 $5 8. d4 cxd4 9. cxd4 e4 10. Ng5 (10. Re1 Be7 11.
Ng5 Bxf5 12. Nc3 d5 13. f3 O-O 14. fxe4 Nxe4 15. Ncxe4 dxe4 16. Nxe4 Bxe4 17.
Rxe4 Bf6 18. Be3 Qd5 19. Qd3 Rfe8 20. Rxe8+ Rxe8 21. Bf2 Rd8 22. b3 c5 23. Rd1
Bxd4 {1/2-1/2 Rublevsky,S-Kotsur,P/Kurgan 1993/CBM 038 ext (23)}) 10... d5 11.
f3 h6 12. Ne6 Bxe6 13. fxe6 Bd6 14. Nc3 O-O 15. f4 Qc7 16. h3 g6 17. f5 $2 Nh5
18. Qg4 $2 Bh2+ 19. Kh1 Ng3+ 20. Kxh2 Nxf1+ 21. Kg1 Qh2+ 22. Kxf1 Rxf5+ 23. Ke2
Kh7 24. Bd2 h5 $19 {0-1 Vallejo Pons,F-Predojevic,B/Moscow RUS 2007/CT-2291 
(36)}) 8. d4 cxd4 (8... e4 9. dxc5 $1 exf3 (9... dxc5 10. Qxd8+ (10. Ne5 $16) (
10. Qe1 $16) 10... Rxd8 11. Re1 $16) 10. Qxf3 $16 {leads to the position where
White has an incredibly dangerous attack. And it is only just for a piece for
2 pawns.} Be6 11. Re1 Kd7 12. cxd6 Qf6 13. Bf4 Qf5 14. Nd2 Nf6 15. Qe2 Re8 16.
Qe3 Qa5 17. Nf3 Bxd6 18. Bxd6 Kxd6 19. Nd4 Qd5 20. Qg3+ {1-0 Rublevsky,
S-Sveshnikov,E/Herceg Novi 1999/EXT 2001 (35)}) 9. cxd4 e4 10. Qc2 $1 ({
Only this move can create problems for Black. After} 10. Re1 $6 Be7 {Black is
able to finish his development and keep the balance in the position.}) 10...
Rc8 ({Other moves are worse. For example,} 10... Ne7 11. Nh4 g6 12. Bg5 $16 {
1-0 Borgo,G-Halkias,S/Cutro 2001/CBM 083 (53)}) (10... Qd7 11. Nh4 g6 12. f3
$16 {1/2-1/2 Skripchenko,A-Movsesian,S/ACPOChess.com INT 2006/CT-2242 (38)})
11. Ng5 $1 ({White has to play energetically otherwise Black finishes his
development. The point is that White attacks the e4-pawn first with the pieces
and then undermines it by f2-f3. Other moves are worse.} 11. Nc3 d5 12. Ne5 Qb6
13. Be3 Bd6 14. g4 Be6 15. f4 exf3 16. Rxf3 {1/2-1/2 Kabanov,N-David,A/
Pardubice 1999/EXT 2000 (16)}) (11. Bg5 {1/2-1/2 Breder,D-Gavrikov,V/Bad
Wiessee 2003}) 11... Ne7 $5 $146 ({The new move, but, probably, not the best.
But it is already difficult to solve the problems for Black.} 11... Nh6 12.
Nxe4 d5 13. Bxh6 Bxe4 14. Qe2 $16 gxh6 15. f3 Qb6 16. fxe4 Qxd4+ 17. Kh1 Qxe4
18. Qa6 Rc7 19. Nc3 Qg6 20. Rae1+ Kd7 21. Nxd5 Bd6 22. Nf6+ Kd8 23. Rd1 {
1-0 Midoux,S-Ninov,N/St Affrique 2003/CBM 095 ext (23)}) (11... d5 12. f3 Nh6 (
12... Nf6 13. Nc3 $16 (13. fxe4 $16)) 13. fxe4 dxe4 14. Qc4 (14. Rxf5 $1 Nxf5
15. Qxe4+ Ne7 16. Nc3 $18 {->}) 14... Qd5 15. Qa4 Be7 16. Nc3 Qd8 17. Ngxe4 O-O
18. Qc4+ Kh8 19. Bf4 {1/2-1/2 Soylu,S-Halkias,S/Antalya 2004/CBM 101 (50)}) (
11... Nf6 {was played in the game Tiviakov,S-Murariu,A/Dresden GER 2007/The
Week in Chess 649 (it is annotated separately)}) 12. f3 ({I was hoping for
this tempting move, trying to prevent Black from castling forever... But 2
other much more simple approaches were better. White is better everywhere.} 12.
Qe2 $142 Qb6 (12... d5 13. f3 $16) 13. Nxe4 Qxd4 14. Nbd2 $16) (12. Qb3 d5 13.
f3 exf3 14. Nxf3 $16) 12... exf3 13. Qb3 Qb6 $5 ({Now White loses the
coordination of his pieces, Black gets serious counterplay. After} 13... d5 14.
Nxf3 $16 {White is simply better.}) 14. Qf7+ ({After} 14. Qe3 g6 15. Nxf3 Bg7
$14 {Black can survive.}) 14... Kd7 15. Nxf3 Be6 16. Qf4 Nd5 17. Qg3 (17. Qd2
Be7 18. Nc3 $14 {was much safer for White}) 17... g5 $5 ({Black is trying to
take over the initiative, sacrificing the pawn. After the normal} 17... Re8 18.
Nc3 $14 {White is slightly better.}) 18. Bxg5 $6 (18. Nxg5 $142 Qxd4+ 19. Kh1
Re8 $14 {was preferable for White, since after the text Black wins time. And
in this sharp position it is much more important than the pawn.}) ({After} 18.
Qxg5 Rg8 19. Qh4 Re8 $44 {Black has much more than enough compensation for the
pawn or 2 (if White also takes on h7).}) 18... h6 19. Bh4 ({or} 19. Bc1 Rg8 $44
{with compensation.}) 19... Ne3 20. Re1 $2 ({But this move is a serious
mistake, leading White to an almost lost position. The price of each move is
very high in the sharp positions. After the correct} 20. Ne5+ dxe5 21. Qxe3
exd4 $13 {, followed by c5, the position remains unclear. The exposed position
of the Black king is being compensated for by the pair of bishops.} (21... Qxd4
22. Qxd4+ exd4 23. Bf6 Rg8 24. Bxd4 c5 $14 {^^})) (20. Rf2 Rg8 21. Ne5+ dxe5
22. Qxe3 exd4 $13 {is also unclear.}) 20... Rg8 21. Ne5+ $8 {There is nothing
else.} dxe5 22. Qxe3 Qxb2 {Threatening with mate on g2, Black is able not only
to win the pawn but also to exchange the queens} 23. Nd2 $8 ({After} 23. Bf2
Qxa1 24. Nc3 Qb2 $19 {White is not able to create real attacking chances.})
23... Qxd4 $17 24. Ne4 Qxe3+ 25. Rxe3 {Objectively speaking the ending which
has arisen should be won for Black, but there are some technical difficulties
remaining.} Rg6 ({Or} 25... Bg7 $17 {with advantage.}) 26. Rc1 ({After} 26.
Nf6+ Kd6 (26... Rxf6 27. Bxf6 Bc5 28. Rae1 Bxa2 29. Bxe5 Bd5 $17) 27. Rae1 Bxa2
28. Rxe5 $17 {White could have tried to achieve some counter-play due to the
weak position of the black king in the centre.}) (26. Bg3 Bd5 $17) 26... Bxa2
27. Rd3+ $6 (27. Ra1 $142 Bd5 28. Rxa7+ Ke6 $17 {was better for White than the
text.}) 27... Bd5 $6 ({Black in his turn commits a mistake} 27... Ke6 $142 28.
Nc5+ Bxc5+ 29. Rxc5 Rgg8 $19 {, followed by Bd5, was easier.}) 28. Nf6+ Rxf6 $8
29. Bxf6 Ke6 30. Bh4 a5 $17 {The following ending is winning for Black. 3
passed pawns must decide the game. Despite all that, Black still has to be
careful.} 31. Bf2 ({or} 31. Ra1 Ra8 $19) 31... a4 32. Bc5 Bxc5+ 33. Rxc5 Rg8
34. g3 Ra8 35. Ra3 Kd6 36. Rcc3 c5 37. Kf2 c4 {o^ a4, c4, e5} 38. Rc2 Kc5 39.
Rb2 Rf8+ 40. Ke2 Bc6 41. g4 Rf4 42. Rg3 $6 (42. h3 $142 $17 {was much more
stubborn, not allowing Black to transfer the bishop to d3 immediately.}) 42...
Be4 $19 {Now the game is almost over.} 43. Rb8 Bd3+ 44. Ke3 Re4+ 45. Kf3 Re1
46. Rc8+ Kd4 47. Rd8+ Kc3 48. Ra8 Kb3 49. Rh3 ({Although} 49. Rb8+ $142 $19 {
was not able to save the game it could have lasted longer.}) 49... c3 50. Rxh6
c2 51. Rb6+ Ka3 0-1